Miasta w skrypcie cyrylicy - Statystyki

Ogólne statystyki
  • Ten quiz został rozwiązany 652 razy
  • Średni wynik to 16 z 24
Statystyki odpowiedzi
Кириллица Polski % Poprawnych
Москва Moskwa
100%
Київ Kijów
86%
Мінск Mińsk
84%
Одеса Odessa
78%
Скопје Skopje
78%
София Sofia
74%
Владивосток Władywostok
73%
Нови Сад Nowy Sad
72%
Сочи Soczi
72%
Варна Warna
69%
Гродна Grodno
67%
Бишкек Biszkek
66%
Севастополь Sewastopol
66%
Санкт Петербург Petersburg
65%
Алматы Ałmaty
62%
Улаанбаатар Ułan Bator
61%
Београд Belgrad
60%
Иркутск Irkuck
59%
Душанбе Duszanbe
55%
Нұр-Сұлтан Nur-Sułtan
54%
Нижний Новгород Niżny Nowogród
51%
Екатеринбург Jekaterynburg
48%
Тирасполь Tyraspol
47%
Тошкент Taszkent
46%
Nie znaleziono quizów pasujących do podanych kryteriów
Rozkład punktacji
Procent ludzi z każdym wynikiem
Percentyl według liczby udzielonych odpowiedzi
Twoja historia wyników
Nie rozwiązałeś tego quizu